Theologia fundamentalis quam Romae in Collegio Internationali S. Antonii

Guardat en:
Dades bibliogràfiques
Autor principal: Casanova, Gabriel (Autor)
Format: Llibre
Idioma:llatí
Publicat: Roma Typographia Sallustiana 1899
Edició:1a. ed
Matèries:
Etiquetes: Afegir etiqueta
Sense etiquetes, Sigues el primer a etiquetar aquest registre!

MARC

LEADER 00000cam a2200000 a 4500
001 UCD2431
003 CL-VaPUC
008 160428e18990000it |||||||||||||||||lat|d
082 0 4 |a 230.04626  |b CAS  |2 21 
100 0 |a Casanova, Gabriel  |e author  |9 585781 
245 1 0 |a Theologia fundamentalis quam Romae in Collegio Internationali S. Antonii 
250 |a 1a. ed 
300 |a 607 p 
942 |c BK 
945 |d 20160428 21:50:00  |a dcastane 
260 |a Roma  |b Typographia Sallustiana  |c 1899 
650 0 |a Teología fundamental   |9 313207 
583 |a last modification  |c 20160428 21:50:00  |k Rodrigo Vera 
999 |c 363593  |d 363591 
952 |0 0  |1 0  |3 erd  |4 0  |6 230_046260000000000_CAS_1899  |7 0  |8 X  |9 476106  |a BIBTEO  |b BIBTEO  |c TEO_FFR  |i 5227631  |o 230.04626 CAS 1899  |p 5227631  |r 2024-01-18  |w 2019-11-24  |y BK_X  |z Catalogado en:20160428  |k OFM